000 00503nam a22001817a 4500
005 20251108170830.0
008 250721s9999 xx 000 0 ara d
082 1 4 _aط/681/شار
100 1 _aالشاروني، يعقوب
245 1 0 _aالالات /
264 1 _aالقاهرة :
_bالدار المصرية اللبنانية،
490 0 _aالهندسة
650 1 7 _aالاختراعات
650 1 7 _aالتطور
650 1 7 _aالبدائية
942 _2ddc
_cBK
999 _c50046
_d50046